000 01546cam a2200421 i 4500
001 zz2005906517
003 NUKAT
005 20260421115227.0
008 050411s2000 pl |000 0 pol c
020 _a8370069649
_q(oprawa miękka)
035 _a(OCoLC)830225733
035 _a(NUKAT)zz2005906517
040 _aGD PAN/KM
_bpol
_erda
_cGD PAN/KM
_dGD PAN/MO
_dGD PAN/JSs
_dGD PAN/MO
_dOLSZT 008/bak
046 _k2000
_o1987
_p2000
100 1 _aPorębski, Czesław
_d(1945- ).
_eAutor
_940346
245 1 0 _aO Europie i Europejczykach /
_cCzesław Porębski.
260 _aKraków :
_bWydawnictwo Znak,
_c2000.
300 _a250 stron ;
_c20 cm.
336 _aTekst
_btxt
_2rdacontent
337 _aBez urządzenia pośredniczącego
_bn
_2rdamedia
338 _aWolumin
_bnc
_2rdacarrier
380 _aKsiążki
380 _aLiteratura faktu, eseje, publicystyka
388 1 _a1901-2000
388 1 _a1989-2000
490 1 _aBiblioteka Myśli Politycznej - Ośrodek Myśli Politycznej ;
_v27
610 2 7 _aUnia Europejska (UE)
_2DBN
_940347
650 7 _aEuropejczycy
_2DBN
_940348
650 7 _aIntegracja europejska
_2DBN
_938005
651 7 _aEuropa
_2DBN
_935699
651 7 _aPolska
_2DBN
_935076
655 7 _aEsej
_2DBN
_935636
658 _aPolityka, politologia, administracja publiczna
710 2 _aSpołeczny Instytut Wydawniczy Znak.
_eWydawca
_4pbl
_911774
830 0 _aBiblioteka Myśli Politycznej (Ośrodek Myśli Politycznej)
_x1733-7194
_v27
_915871
920 _a83-7006-964-9 (oprawa miękka)
942 _2ddc
_cBK_NM
999 _c27709
_d27709